000 01690cam a22004218i 4500
999 _c14939
_d14939
001 20692878
003 OSt
005 20200131191632.0
008 181001s2019 nyu b 000 0 eng
010 _a 2018035937
020 _a9781138480742 (hardback)
020 _a9781138480773 (pbk.)
020 _z9781351062060 (ebook)
040 _aDLC
_beng
_erda
_cDLC
042 _apcc
082 0 0 _a2019
_2DC 428.00712
_bB562
100 1 _aBlackburn, Barbara R.,
_eauthor.
_941478
245 1 0 _aRigor in the 6-12 ELA and social studies classroom:
_ba teacher toolkit /
_cBarbara R. Blackburn and Melissa Miles.
263 _a1901
264 1 _aNew York:
_bRoutledge,
_c©2019.
300 _av, 167 pages:
_c25 cm.
336 _atext
_btxt
_2rdacontent
337 _aunmediated
_bn
_2rdamedia
338 _avolume
_bnc
_2rdacarrier
500 _aIncludes bibliographical references
504 _aIncludes bibliographical references.
650 0 _aEnglish language
_xStudy and teaching (Middle school)
_941479
650 0 _aEnglish language
_xStudy and teaching (Secondary)
_91493
650 0 _aSocial sciences
_xStudy and teaching (Middle school)
_94753
650 0 _aSocial sciences
_xStudy and teaching (Secondary)
_941480
650 0 _aMotivation in education.
_941481
650 0 _aAcademic achievement.
_941482
700 1 _aMiles, Melissa
_eauthor.
_941483
776 0 8 _iOnline version:
_aBlackburn, Barbara R., 1961- author.
_tRigor in the 6-12 ELA and social studies classroom
_dNew York : Routledge, 2019
_z9781351062060
_w(DLC) 2018048077
906 _a7
_bcbc
_corignew
_d1
_eecip
_f20
_gy-gencatlg
942 _2ddc
_cDC